00483pab a2200157 454500008004000000100002400040245007900064260000900143300001500152362000800167650003400175650002500209700003000234700002600264773003500290180718b2015 xxu||||| |||| 00| 0 eng d aBouquet, Emmanuelle aAgricultural workers, credit rationing and family networks in rural Mexico c2015 ap.523-537. aMay aAgricultural workers - Mexico aAgricultural workers aRodriguez- Solis, Gerardo aMorvant- Roux, Solene aJournal of Development Studies